Девять минут до взрыва: [роман]

Bibliographische Detailangaben
1. Verfasser: Соболев С. В. Сергей Викторович
Sprache:Russisch
Veröffentlicht: Москва, Эксмо, 2008
Schriftenreihe:Спецназ. Группа "Антитеррор"
Schlagworte:
Format: MixedMaterials Buch
KOHA link:https://koha.lib.tpu.ru/cgi-bin/koha/opac-detail.pl?biblionumber=132052

MARC

LEADER 00000nam0a2200000 4500
001 132052
005 20260409140630.0
010 |a 9785699257867 
035 |a (RuTPU)RU\TPU\book\142988 
090 |a 132052 
100 |a 20080227d2008 m y0rusy50 ca 
101 0 |a rus 
102 |a RU 
105 |a y z 000ay 
200 1 |a Девять минут до взрыва  |e [роман]  |f С. В. Соболев 
210 |a Москва  |c Эксмо  |d 2008 
215 |a 384 с. 
225 1 |a Спецназ. Группа "Антитеррор" 
610 1 |a русская литература 
610 1 |a романы 
610 1 |a боевики 
610 1 |a приключения 
675 |a Р2  |v 3 
700 1 |a Соболев  |b С. В.  |g Сергей Викторович 
801 1 |a RU  |b 63413507  |c 20080227  |g PSBO 
801 2 |a RU  |b 63413507  |c 20080521  |g PSBO 
942 |c BK